| 000 | 01030nam a2200253Ia 4500 | ||
|---|---|---|---|
| 003 | OSt | ||
| 005 | 20220923214608.0 | ||
| 006 | a|||||r|||| 00| 0 | ||
| 007 | ta | ||
| 008 | 220922b |||||||| |||| 00| 0 hin d | ||
| 020 | _c400 | ||
| 024 | _a171,167 | ||
| 037 | _cTextual | ||
| 040 |
_aARTS _cARTS _bhin |
||
| 041 |
_2hin _ahin |
||
| 082 | _aP152Oj157:35, 152N9 | ||
| 100 |
_aचक्र्र्रवर्ती, अनीता _9163388 |
||
| 245 | 0 | _aहिन्दी और बंगला की सहायक क्रियाओं का तुलनात्मक अध्ययन, अनीता चक्रवर्ती | |
| 246 | _aHindī aur bangalā kī sahāyak kriyāoan kā tulanātmak adhyayana, anītā chakravartī | ||
| 260 |
_aहैदराबाद _b गीता प्रकाशन _c1999 |
||
| 300 |
_a214पृ. _ccm. |
||
| 942 |
_hP152Oj157:35, 152N9 _cTEXL _2CC |
||
| 999 |
_c325392 _d325392 |
||